01153nas a2200349 i 45000010005000000030009000050050017000140070003000310080041000340220014000750800010000890800006000990800007001052450035001122600040001473000029001873100019002163210031002353620033002665150034002995550047003336500023003806500050004036550029004537100038004828520108005208520031006288560095006598660015007549420019007699990015007882850ES-MaACL20250814062602.0t|010531c1980 sp t| | 0 ||pa d a0210-8143 a(460) a7 a0600aBoletín del Museo del Prado. aMadrid : bMuseo del Prado, c1980- a10 v. : bil. ; c25 cm. aAnual, b1989- aCuatrimestral, b1980-19880 aT. 1, nº 1 (en.-abr. 1980)- aNo se publica de 1996 a 1998. aIndice números de 1980 a 2004 en CD-ROM.17aArte2embne910068 4aInstituciones científicas y diversas913829 7aRevistas92268662tgfbne2 aMuseo Nacional del Prado.9160001 aES-MaACLjHEM-207092954cHEMzExpurgado marzo 2025: posterior 1958; sin encuadernar; en acceso abierto4 aES-MaACLjROT 2/4/27 cROT uhttps://dialnet.unirioja.es/servlet/revista?codigo=2007ySumarios de la revista en Dialnet 0o1980-2009. 2udccPERIODICA c2850d2850